Galvanic cathodic protection for reinforced concrete bridge decks : field evaluation /

Bibliographic Details
Main Author: Whiting, D. (David)
Corporate Authors: American Association of State Highway and Transportation Officials, United States. Federal Highway Administration
Other Authors: Stark, D. (David)
Format: Book
Language:English
Published: Washington, D.C. : Transportation Research Board, National Research Council, 1981.
Series:Report (National Cooperative Highway Research Program) ; 234.
Subjects:

MARC

Tag First Indicator Second Indicator Subfields
LEADER 00000cam a2200000 a 4500
001 in00000099279
005 20150924160129.0
008 820618s1981 dcua b f00010 eng
010 |a  81052128  
020 |a 0309031591 (pbk.) :  |c $6.80 
035 |a (OCoLC)07743532 
035 |9 AAL0156AM 
040 |a DLC  |c DLC  |d UtOrBLW 
049 |a TXAM  |c [388923] 
050 0 0 |a TE7  |b .N25 no. 234 
082 0 |a 625.7 s  |a 624/.253  |2 19 
100 1 |a Whiting, D.  |q (David) 
245 1 0 |a Galvanic cathodic protection for reinforced concrete bridge decks :  |b field evaluation /  |c D. Whiting and D. Stark. 
264 1 |a Washington, D.C. :  |b Transportation Research Board, National Research Council,  |c 1981. 
300 |a 63 pages :  |b illustrations ;  |c 28 cm. 
336 |a text  |b txt  |2 rdacontent 
337 |a unmediated  |b n  |2 rdamedia 
338 |a volume  |b nc  |2 rdacarrier 
490 1 |a National Cooperative Highway Research Program report,  |x 0077-5614 ;  |v 234 
500 |a "Research sponsored by the American Association of State Highway and Transportation Officials in cooperation with the Federal Highway Administration." 
504 |a Bibliography: pages 7-8. 
650 0 |a Concrete bridges  |x Floors  |x Cathodic protection. 
700 1 |a Stark, D.  |q (David) 
710 2 |a American Association of State Highway and Transportation Officials. 
710 1 |a United States.  |b Federal Highway Administration. 
830 0 |a Report (National Cooperative Highway Research Program) ;  |v 234. 
999 |a MARS 
999 f f |s 4abdf8ba-014f-33a3-9f64-833c00a3c69f  |i b63331a0-5fb7-305a-8d09-f1db9fa87e6e  |t 0 
952 f f |p ric  |a Texas A&M University  |b Rellis Campus  |c Joint Library Facility  |d Remote Storage  |t 0  |e TE7 .N25 no.234  |h Library of Congress classification  |i unmediated -- volume  |m A14824093373 
952 f f |p normal  |a Texas A&M University  |b College Station  |c Sterling C. Evans Library  |d Evans: Library Stacks  |t 0  |e TE7 .N25 no.234  |h Library of Congress classification  |i unmediated -- volume  |m A14806044889 
998 f f |a TE7 .N25 no.234  |t 0  |l Evans: Library Stacks 
998 f f |a TE7 .N25 no.234  |t 0  |l Remote Storage